000 00849nam a2200265 a 4500
001 BRL_823
005 20190320210919.0
008 101013s1950----mx-a######---#000-0#spa-#
041 _aspaeng
044 _amx
050 4 _aND250
_b.M66 1950
100 1 _aMontenegro, Roberto
_d1887-1968
_98162
245 1 0 _aRetablos de México = Mexican Votive Paintings
_cRoberto Montenegro ; traducción al inglés por Irene Nicholson.
260 _aMéxico
_bEdiciones Mexicanas
_c1950
300 _a15 p.
_bil. (algunas a color), 80 láminas
_c24 cm.
500 _aAu904
546 _aTexto en : español e inglés
650 1 4 _aPintura mexicana
_93715
650 1 4 _aArte popular
_zMéxico
_9882
650 1 4 _aRetablos mexicanos
_93581
700 1 _aNicholson, Irene
_etr.
_925044
740 0 _aMexican Votive Paintings
902 _aGRL
942 _2lcc
_cB
999 _c9635
_d9635